|
|
|
|
| LEADER |
00000nam a22000007a 4500 |
| 005 |
20130429181936.0 |
| 007 |
cr|||| |||| |
| 008 |
130429e2012 it |||||s|||| 00||0 ita d |
| 020 |
|
|
|a 978-8866111368
|
| 035 |
|
|
|a 11205
|
| 040 |
|
|
|a vLex
|
| 090 |
|
|
|c 4220
|d 4220
|
| 100 |
1 |
0 |
|a Caterino, Daniela
|
| 245 |
1 |
0 |
|a Poteri dei sindaci e governo dell’informazione nelle societ ̉quotate
|c / Daniela Caterino
|h [Recurso electrn̤ico]
|
| 256 |
|
|
|a Servicio en ln̕ea
|
| 260 |
|
|
|a Bari :
|b Cacucci Editore,
|c 2012
|
| 300 |
|
|
|a 1 Recurso electrn̤ico
|
| 506 |
|
|
|d vLex Global
|d vLex Global (Academic Edition, excluding Law Schools)
|d vLex Global (U.S. Academic Edition, Law Schools)
|d vLex Global (U.S. Academic Edition, excluding Law Schools)
|d vLex Global (Academic Edition, Law Schools)
|
| 650 |
0 |
4 |
|a Derecho administrativo
|z Italia
|
| 650 |
0 |
4 |
|a Administracin̤ local
|z Italia
|
| 650 |
0 |
4 |
|a Gestin̤ de la informacin̤
|z Italia
|
| 740 |
|
|
|a vLex Libros (Servicio en ln̕ea)
|
| 856 |
|
|
|a Acceso restringido
|u http://www.vlex.com/source/11205
|
| 942 |
|
|
|c BOOK
|
| 999 |
|
0 |
|a Administrative law
|